000
00262nam a2200109Ia 4500
008
190216s9999||||xx |||||||||||||| ||und||
100
_a
Gupta Sk
245
0
_a
Text Book Of Angiosperm`S Taxonomy
260
_b
Kedernath Ramnath
_c
1967
300
_a
246p
942
_c
BK
999
_c
1318
_d
1318